000 00531nam a2200193Ia 4500
005 20250508154329.0
008 008 250505s9999 xx 000 0 eng d
037 _aTextual
040 _aFEDL
_beng
_cFEDL
041 _aeng
_2eng
084 _a150.72, AND
_qFEDL
100 _aAndreas Burton G
_984380
245 0 _aExperimental psychology
260 _aNew York, USA
_bJohn Wiley and Sons, Inc.
_c1963
300 _ax,595p
650 _aPsychology
942 _cTEXL
_h150.72, AND
999 _c1349599
_d1349599